Currencies of Territories, Colonies, and Dependencies Quiz Stats

 Plays Quiz not verified by Sporcle

Support Sporcle.
Go Orange.
Score 0/54 Timer 20:00
0 Plays Today
TERRITORIES / DEPENDENCY CURRENCY % Correct
American SamoaUnited States Dollar
68.4%
US Virgin IslandsUnited States Dollar
64.9%
Christmas IslandAustralian Dollar
61.4%
French GuianaEuro
61.4%
GuamUnited States Dollar
61.4%
Northern Mariana IslandsUnited States Dollar
57.9%
Puerto RicoUnited States Dollar
57.9%
Saint-MartinEuro, Netherlands Antillean Guilder
57.9%
GibraltarGibraltar Pound, Pound Sterling
56.1%
GuadeloupeEuro
56.1%
GuernseyGuernsey Pound, Pound Sterling
56.1%
JerseyJersey Pound, Pound Sterling
56.1%
MayotteEuro
56.1%
St. Pierre and MiquelonEuro
56.1%
MartiniqueEuro
54.4%
Norfolk IslandAustralian Dollar
52.6%
TokelauNew Zealand Dollar
52.6%
Saint BarthélemyEuro
50.9%
Cocos (Keeling) IslandsAustralian Dollar
49.1%
Cook IslandsCook Islands Dollar, New Zealand Dollar
49.1%
Hong KongHong Kong Dollar
49.1%
Åland IslandsEuro
47.4%
Isle of ManManx Pound, Pound Sterling
47.4%
NiueNew Zealand Dollar
47.4%
British Indian Ocean TerritoryUnited States Dollar, Pound Sterling
43.9%
British Virgin IslandsUnited States Dollar
43.9%
Faroe IslandsFaroese Króna, Danish Krone
43.9%
TERRITORIES / DEPENDENCY CURRENCY % Correct
GreenlandDanish Krone
43.9%
Turks and Caicos IslandsUnited States Dollar
43.9%
Tristan da CunhaPound Sterling
40.7%
Svalbard and Jan MayenNorwegian Krone
40.4%
South Georgia & South Sandwich IslandsPound Sterling
37%
BonaireUnited States Dollar
33.3%
Sint EustatiusUnited States Dollar
33.3%
Caribbean NetherlandsUnited States Dollar
29.8%
Pitcairn IslandsNew Zealand Dollar
29.8%
SabaUnited States Dollar
29.6%
AnguillaEast Caribbean Dollar
28.1%
Falkland Islands (Islas Malvinas)Falkland Islands Pound
26.3%
MontserratEast Caribbean Dollar
26.3%
Sint MaartenNetherlands Antillean Guilder
26.3%
Sahrawi Arab Democratic Republic (Western Sahara)Moroccan dirham
25.9%
CuraçaoNetherlands Antillean Guilder
24.6%
MacauMacanese Pataca
24.6%
RéunionEuro
24.6%
Cayman IslandsCayman Islands Dollar
22.8%
Netherland AntillesDutch Guilder, Netherlands Antillean Guilder
22.2%
ArubaAruban Florin
21.1%
French PolynesiaCFP Franc
21.1%
New CaledoniaCFP Franc
21.1%
Wallis and Futuna IslandsCFP Franc
21.1%
Ascension IslandSaint Helena Pound
18.5%
BermudaBermudian Dollar
15.8%
Saint HelenaSaint Helenian Pound, Pound Sterling
10.5%

You're not logged in!

Compare scores with friends on all Sporcle quizzes.
OR
Log In

From the Vault

Obscure Knowledge - NATO Members

by PenguinsMeercats

We're pretty sure you don't need to guess Papua New Guinea in this one.
Remove Ads.
Support Sporcle.
Get the best of Sporcle when you Go Orange. This ad-free experience offers more features, more stats, and more fun while also helping to support Sporcle. Thank you for becoming a member.

Show Comments

Extras

Top Quizzes Today


Score Distribution

Your Account Isn't Verified!

In order to create a playlist on Sporcle, you need to verify the email address you used during registration. Go to your Sporcle Settings to finish the process.

Report this User

Report this user for behavior that violates our Community Guidelines.

Details: